| 000 | 00406nam a2200109Ia 4500 | ||
|---|---|---|---|
| 008 | 160909s9999 xx 000 0 und d | ||
| 100 | _aCosgrove, Samantha J. | ||
| 245 | _aDrop, Cover, and Hold On: Analyzing Risk Communication through Visual Rhetoric | ||
| 260 |
_bUniversity of South Florida. _c2016 |
||
| 650 | _aInformation Technology | ||
| 856 | _uhttp://pqdtopen.proquest.com/doc/1810949220.html?FMT=ABS | ||
| 999 |
_c303852 _d303852 |
||